000 00890nam a22002775a 4500
999 _c21235
_d21207
003 EG-ScBUE
005 20200823144755.0
008 160224s1996 enk f b f001 0 eng d
020 _a9780521587006
020 _a9770520578
040 _aEG-ScBUE
_beng
_erda
_cEG-ScBUE
_dEG-ScBUE
082 0 4 _a412
_bPAL
_222
100 1 _aPalmer, F. R. (Frank Robert),
_eauthor.
_939434
245 1 0 _aSemantics /
_cF. R. Palmer.
250 _aSecond edition.
264 1 _aCambridge :
_bCambridge University Press :
_bThe Anglo-Egyption Bookshop,
_c1996.
300 _avi, 221 pages ;
_c19 cm
336 _2rdacontent
_atext
_btxt
337 _2rdamedia
_aunmediated
_bn
338 _2rdacarrier
_avolume
_bnc
504 _aIncludes bibliographical references and index.
650 7 _aSemantics.
_2BUEsh
_937315
653 _cFebruary2016
_bHHUUEENN
655 _vReading book
_934232
942 _2ddc
_cBB